Encuentro Nacional de Innovaciones Educativas

El texto pretende proporcional espacios de intercambio entre los agentes innovadores de la educación con el objetivo principal de mejorar la calidad de la educación tomando como base aportes del Encuentro Nacional de Innovaciones Educativas.

Gorde:
Xehetasun bibliografikoak
Erakunde egilea: Asociación para la Enseñanza (Bogotá)
Formatua: Liburua
Hizkuntza:Spanish
Argitaratua: Bogotá: Javegraf, 1994
Gaiak:
Sarrera elektronikoa:Enlace del recurso
Etiketak: Etiketa erantsi
Etiketarik gabe, Izan zaitez lehena erregistro honi etiketa jartzen!

MARC

LEADER 00000nam a2200000 a 4500
001 001024
008 030428s1994 ck a fr# #000|0#spa#d
041 0 |a spa 
043 |a s-ck--- 
082 0 4 |a 371.39  |b E518e 
110 2 |a Asociación para la Enseñanza (Bogotá) 
245 0 0 |a Encuentro Nacional de Innovaciones Educativas   |c Asociación para la Enseñanza ... [et al.] 
260 |a Bogotá:  |b Javegraf,  |c 1994 
300 |a 184 p.:  |b il., tabl. 
520 3 |a El texto pretende proporcional espacios de intercambio entre los agentes innovadores de la educación con el objetivo principal de mejorar la calidad de la educación tomando como base aportes del Encuentro Nacional de Innovaciones Educativas. 
650 1 4 |a INNOVACIONES EDUCATIVAS  |z COLOMBIA 
650 1 4 |a INVESTIGACIÓN EDUCATIVA 
999 |c 3176  |d 3176 
856 |u https://catalogo.idep.edu.co/cgi-bin/koha/opac-detail.pl?biblionumber=3176  |z Enlace del recurso